[Event "World Senior Teams +50"]
[Site "Radebeul GER"]
[Date "2016.07.04"]
[Round "9.7"]
[Board "3"]
[White "Arnason, Jon L"]
[Black "Giulian, Rosemary A"]
[Result "1-0"]
[WhiteTitle "GM"]
[WhiteElo "2490"]
[BlackElo "1864"]
[WhiteTeam "Iceland"]
[BlackTeam "Scotland"]
[WhiteFideId "2300036"]
[BlackFideId "2400375"]
[EventDate "2016.06.26"]

1. e4 e6 2. d4 d5 3. Nd2 dxe4 4. Nxe4 Nd7 5. Nf3 Ngf6 6. Nxf6+ Nxf6 7. c3 c5 8.
Ne5 Bd6 9. Bb5+ Bd7 10. Nxd7 Nxd7 11. Qg4 Qf6 12. Bg5 Qg6 13. dxc5 Bxc5 14.
O-O-O O-O 15. Rxd7 h6 16. h4 hxg5 17. hxg5 Bxf2 18. Qf4 Qf5 19. Qxf5 exf5 20. g6
Rac8 21. Ba4 1-0

[Event "World Senior Teams +50"]
[Site "Radebeul GER"]
[Date "2016.07.04"]
[Round "9.7"]
[Board "4"]
[White "Jennings, Richard"]
[Black "Olafsson, Fridrik"]
[Result "0-1"]
[BlackTitle "GM"]
[WhiteElo "1855"]
[BlackElo "2377"]
[WhiteTeam "Scotland"]
[BlackTeam "Iceland"]
[WhiteFideId "2404435"]
[BlackFideId "2300052"]
[EventDate "2016.06.26"]

1. c4 f5 2. Nc3 Nf6 3. g3 e5 4. d3 Bb4 5. Bg2 O-O 6. e4 Bxc3+ 7. bxc3 fxe4 8.
dxe4 d6 9. Rb1 b6 10. f4 Nbd7 11. g4 Bb7 12. Nh3 Nxe4 13. Ng5 Ndc5 14. O-O exf4
15. Nxe4 Nxe4 16. Re1 f3 17. Bxf3 Nxc3 18. Bxb7 Nxd1 19. Rxd1 Qh4 20. Bd5+ Kh8
21. Bf4 Qxg4+ 22. Bg3 Rae8 23. Kh1 Rf5 24. Re1 Re2 25. Rf1 h5 26. Rbe1 Rxd5 27.
cxd5 Qe4+ 0-1

[Event "World Senior Teams +50"]
[Site "Radebeul GER"]
[Date "2016.07.04"]
[Round "9.8"]
[Board "1"]
[White "Jakel, Wolfgang"]
[Black "Heidrich, Manfred"]
[Result "0-1"]
[BlackTitle "FM"]
[WhiteElo "2204"]
[BlackElo "2339"]
[WhiteTeam "VSG 1880 Offenbach"]
[BlackTeam "SC Forchheim e.V."]
[WhiteFideId "4625676"]
[BlackFideId "4602722"]
[EventDate "2016.06.26"]

1. e4 e5 2. Nf3 Nc6 3. Bb5 a6 4. Bxc6 dxc6 5. O-O f6 6. d4 exd4 7. Qxd4 Qxd4 8.
Nxd4 c5 9. Nb3 Be6 10. Nc3 O-O-O 11. Be3 b6 12. a4 a5 13. Rfd1 Ne7 14. Rxd8+
Kxd8 15. Nb5 Ng6 16. f4 f5 17. Nd2 fxe4 18. Nxe4 Be7 19. Re1 Bf5 20. Bd2 Re8 21.
g3 Bf8 22. Nbc3 c4 23. Kf2 Ne7 24. Kf3 Nc6 25. Be3 h5 26. b3 Bb4 27. Rd1+ Kc8
28. Rd5 g6 29. bxc4 Be6 30. Rg5 Bf5 31. Nf6 Bxc3 32. Nxe8 Kd8 33. h3 Kxe8 34. g4
hxg4+ 35. hxg4 Bxc2 36. c5 Bf6 37. Rd5 Bb3 38. Rd2 bxc5 39. Bxc5 Bxa4 40. Ke4
Ne7 41. Kf3 Bb3 42. Rd3 Be6 43. g5 Bb2 44. Re3 Kf7 45. Ba3 Bd4 46. Re2 Bd5+ 47.
Kg4 Nf5 48. Kh3 c5 49. Bb2 a4 0-1

[Event "World Senior Teams +50"]
[Site "Radebeul GER"]
[Date "2016.07.04"]
[Round "9.8"]
[Board "2"]
[White "Bartsch, Berthold"]
[Black "Hoehn, Michael"]
[Result "1-0"]
[WhiteTitle "FM"]
[WhiteElo "2270"]
[BlackElo "2069"]
[WhiteTeam "SC Forchheim e.V."]
[BlackTeam "VSG 1880 Offenbach"]
[WhiteFideId "4604660"]
[BlackFideId "4622693"]
[EventDate "2016.06.26"]

1. Nc3 g6 2. e4 Bg7 3. g3 b6 4. Bg2 Bb7 5. f4 d6 6. Nf3 Nd7 7. O-O e6 8. f5 exf5
9. exf5 Ne7 10. fxg6 hxg6 11. d3 O-O 12. Bg5 Bf6 13. Qd2 Bxg5 14. Nxg5 Bxg2 15.
Kxg2 d5 16. Qf4 Nf5 17. Nxd5 c6 18. Nc3 Nf6 19. g4 Nxg4 20. Rae1 Nf6 21. Nce4
Nh5 22. Qg4 Qc8 23. h3 Nd4 24. c3 Nc2 25. Re2 f5 26. Qh4 fxe4 27. Rxc2 Rxf1 28.
Kxf1 Qa6 29. Kg1 Qxd3 30. Qxe4 Qxe4 31. Nxe4 Re8 32. Ng5 Nf4 33. Kf2 Nd5 34. Rd2
b5 35. Nf3 Rf8 36. Kg3 Nf6 37. Rd3 Nh5+ 38. Kf2 Nf4 39. Rd6 c5 40. Ke3 Kg7 41.
Rd7+ Kh6 42. h4 Ng2+ 43. Ke2 Nf4+ 44. Kf2 a5 45. b3 Re8 46. Ng5 1-0

[Event "World Senior Teams +50"]
[Site "Radebeul GER"]
[Date "2016.07.04"]
[Round "9.8"]
[Board "3"]
[White "Trumpp, Lothar"]
[Black "Seyb, Dieter"]
[Result "1/2-1/2"]
[BlackTitle "FM"]
[WhiteElo "2037"]
[BlackElo "2265"]
[WhiteTeam "VSG 1880 Offenbach"]
[BlackTeam "SC Forchheim e.V."]
[WhiteFideId "4673514"]
[BlackFideId "4603346"]
[EventDate "2016.06.26"]

1. Nc3 d5 2. e4 e6 3. d3 Nc6 4. Nf3 dxe4 5. dxe4 Qxd1+ 6. Nxd1 Nf6 7. e5 Ng4 8.
Bb5 Bd7 9. Bxc6 Bxc6 10. Bf4 O-O-O 11. O-O Bxf3 12. gxf3 Nh6 13. Ne3 Nf5 14.
Nxf5 exf5 15. Bg5 Rd7 16. Rad1 Be7 17. Rxd7 Kxd7 18. Bxe7 Kxe7 19. f4 Rd8 20.
Kg2 Rd2 21. Rc1 Ke6 22. Kf3 c5 23. Ke3 Rd4 24. f3 f6 25. exf6 Kxf6 26. c3 Rd7
27. Ke2 Ke6 28. Rg1 1/2-1/2

[Event "World Senior Teams +50"]
[Site "Radebeul GER"]
[Date "2016.07.04"]
[Round "9.8"]
[Board "4"]
[White "Kannenberg, Karl-Heinz"]
[Black "Weiss, Matthias"]
[Result "1/2-1/2"]
[WhiteElo "2236"]
[BlackElo "2043"]
[WhiteTeam "SC Forchheim e.V."]
[BlackTeam "VSG 1880 Offenbach"]
[WhiteFideId "4643348"]
[BlackFideId "4638190"]
[EventDate "2016.06.26"]

1. d4 Nf6 2. Bf4 g6 3. Nc3 d5 4. Qd2 a6 5. Nf3 Nbd7 6. Bh6 b5 7. Bxf8 Nxf8 8.
Ne5 Qd6 9. e3 Ne6 10. f4 Bb7 11. Be2 b4 12. Na4 Ne4 13. Qd1 f6 14. Nd3 Bc6 15.
c3 bxc3 16. Nxc3 Nxc3 17. bxc3 Bb5 18. O-O O-O 19. f5 gxf5 20. Rxf5 Kh8 21. Rh5
Rg8 22. Qc2 Be8 23. Rh4 Bg6 24. Qd1 Be4 25. Bf3 Ng5 26. Kh1 Nxf3 27. gxf3 Bxd3
28. Qxd3 Rg7 29. Rg1 Rag8 30. Rhg4 Qe6 31. Rxg7 Rxg7 32. Rxg7 Kxg7 33. Kg2 Qc6
34. Kg3 Qd6+ 35. Kg2 Qc6 1/2-1/2

[Event "World Senior Teams +50"]
[Site "Radebeul GER"]
[Date "2016.07.04"]
[Round "9.9"]
[Board "1"]
[White "Petran, Peter"]
[Black "Kyas, Juergen"]
[Result "1/2-1/2"]
[WhiteTitle "IM"]
[WhiteElo "2331"]
[BlackElo "2190"]
[WhiteTeam "Slovakia"]
[BlackTeam "SV Eiche Reichenbrand"]
[WhiteFideId "14900114"]
[BlackFideId "4618157"]
[EventDate "2016.06.26"]

1. g3 c5 2. Bg2 Nc6 3. e4 g6 4. Ne2 Bg7 5. O-O d6 6. c3 e5 7. d3 Nge7 8. Be3 O-O
9. d4 exd4 10. cxd4 Bg4 11. f3 Bd7 12. Nbc3 cxd4 13. Nxd4 Qb6 14. Nce2 Qxb2 15.
Rf2 Qa3 16. Nc2 Qa4 17. Rb1 Be6 18. f4 Bxa2 19. Rxb7 Rab8 20. Rxb8 Rxb8 1/2-1/2

[Event "World Senior Teams +50"]
[Site "Radebeul GER"]
[Date "2016.07.04"]
[Round "9.9"]
[Board "3"]
[White "Briestensky, Rastislav"]
[Black "Doering, Hans-Ulrich"]
[Result "1-0"]
[WhiteTitle "FM"]
[WhiteElo "2339"]
[BlackElo "2131"]
[WhiteTeam "Slovakia"]
[BlackTeam "SV Eiche Reichenbrand"]
[WhiteFideId "14900394"]
[BlackFideId "24642495"]
[EventDate "2016.06.26"]

1. d4 d5 2. Nf3 Nf6 3. c4 e6 4. Nc3 c6 5. e3 Nbd7 6. b3 Bd6 7. Bb2 O-O 8. Be2
Re8 9. Qc2 dxc4 10. bxc4 e5 11. O-O exd4 12. Nxd4 Ne5 13. h3 Qc7 14. Rad1 Bf8
15. f4 Ng6 16. Bc1 Bb4 17. Bd3 a6 18. Nde2 Bc5 19. Nd4 Bd7 20. Na4 Ba7 21. c5
Rad8 22. Bd2 Bc8 23. Rde1 Nd5 24. Nb3 Qb8 25. Kh1 b6 26. cxb6 Nxb6 27. Nac5 Nd5
28. Bxa6 Bxa6 29. Nxa6 Qb5 30. Nac5 Nxe3 31. Bxe3 Rxe3 32. a4 Rxe1 33. Rxe1 Qb4
34. Re4 Qb8 35. g3 Qd6 36. Nb7 Qd1+ 37. Qxd1 Rxd1+ 38. Kg2 Kf8 39. N7a5 Ne7 40.
Rxe7 Kxe7 41. Nxc6+ Kd6 42. Nxa7 Rd3 43. Nb5+ Kc6 44. N5d4+ Kb6 45. a5+ Ka7 46.
Nb5+ Ka8 47. Nc5 Rd2+ 48. Kf3 Rb2 49. Na6 1-0

[Event "World Senior Teams +50"]
[Site "Radebeul GER"]
[Date "2016.07.04"]
[Round "9.9"]
[Board "4"]
[White "Schmidt, Guenter"]
[Black "Franzen, Jozef"]
[Result "1/2-1/2"]
[BlackTitle "IM"]
[WhiteElo "2042"]
[BlackElo "2280"]
[WhiteTeam "SV Eiche Reichenbrand"]
[BlackTeam "Slovakia"]
[WhiteFideId "4613996"]
[BlackFideId "14900181"]
[EventDate "2016.06.26"]

1. d4 Nf6 2. Nf3 e6 3. g3 d5 4. Bg2 Be7 5. O-O O-O 6. Nbd2 Nbd7 7. b3 c6 8. Bb2
b6 9. e4 dxe4 10. Ne5 Bb7 11. Nxe4 Qc7 12. Qe2 c5 13. Nxd7 Qxd7 14. dxc5 Nxe4
15. Bxe4 Bxe4 16. Qxe4 Bxc5 17. Rad1 Qe7 18. Rd3 Rad8 19. Rfd1 Rxd3 20. Rxd3 Rc8
21. c4 f6 22. Rd1 h6 23. Qd3 Kf7 24. Bc1 Rc7 25. Qh7 Kf8 26. Qh8+ Kf7 27. Qh7
Kf8 1/2-1/2

[Event "World Senior Teams +50"]
[Site "Radebeul GER"]
[Date "2016.07.04"]
[Round "9.10"]
[Board "1"]
[White "Vogelmann, Peter"]
[Black "Krebs, Johann"]
[Result "0-1"]
[BlackTitle "FM"]
[WhiteElo "2227"]
[BlackElo "2273"]
[WhiteTeam "SF Monheim Revival"]
[BlackTeam "Graz"]
[WhiteFideId "4634330"]
[BlackFideId "1603590"]
[EventDate "2016.06.26"]

1. e4 c5 2. Nf3 Nc6 3. c3 d5 4. exd5 Qxd5 5. d4 Nf6 6. Be2 Bf5 7. a3 cxd4 8.
cxd4 e6 9. O-O Be7 10. Nc3 Qd6 11. h3 O-O 12. Nb5 Qb8 13. Bd3 Bxd3 14. Qxd3 h6
15. Qe2 a6 16. Nc3 Qd6 17. Rd1 Rfd8 18. Be3 b5 19. b4 Rac8 20. Rac1 Bf8 21. g3
Qd7 22. Ne5 Qe8 23. Qf3 Nd5 24. Nxd5 Rxd5 25. Nxc6 Rxc6 26. Rxc6 Qxc6 27. Rc1
Qd7 28. Qe4 a5 29. Rb1 axb4 30. axb4 g6 31. Kg2 Bg7 32. Rc1 Bf8 33. Rb1 h5 34.
f4 Bg7 35. Rd1 Qd6 36. Qd3 Qxb4 37. g4 Qd6 38. Ra1 Bxd4 39. Bxd4 Rxd4 40. Qxb5
Qxf4 0-1

[Event "World Senior Teams +50"]
[Site "Radebeul GER"]
[Date "2016.07.04"]
[Round "9.10"]
[Board "2"]
[White "Detter, Peter"]
[Black "Huelsmann, Josef"]
[Result "0-1"]
[WhiteElo "2028"]
[BlackElo "2211"]
[WhiteTeam "Graz"]
[BlackTeam "SF Monheim Revival"]
[WhiteFideId "1603680"]
[BlackFideId "4607929"]
[EventDate "2016.06.26"]

1. Nf3 d5 2. c4 e6 3. g3 c6 4. b3 Nf6 5. Bg2 Bd6 6. Bb2 Nbd7 7. O-O O-O 8. d3
Re8 9. Nbd2 a5 10. a3 Qe7 11. e4 dxe4 12. dxe4 e5 13. Qc2 b6 14. Ne1 Bb7 15. Nd3
Nc5 16. Rfe1 Rad8 17. Nxc5 Bxc5 18. Nf1 Ng4 19. Re2 Rd6 20. Bf3 Bc8 21. Kg2 Red8
22. h3 h5 23. Bc3 Rd3 24. Qb2 Nxf2 25. Rxf2 Bxf2 26. Kxf2 Qf6 27. Nh2 Bxh3 28.
Re1 h4 29. g4 Bxg4 30. Re3 Rxe3 31. Kxe3 Qf4+ 0-1

[Event "World Senior Teams +50"]
[Site "Radebeul GER"]
[Date "2016.07.04"]
[Round "9.10"]
[Board "3"]
[White "Weber, Franz-Josef"]
[Black "Kainz, Josef"]
[Result "1-0"]
[WhiteElo "2136"]
[BlackElo "1877"]
[WhiteTeam "SF Monheim Revival"]
[BlackTeam "Graz"]
[WhiteFideId "4684320"]
[BlackFideId "1613030"]
[EventDate "2016.06.26"]

1. e4 c5 2. Nf3 Nc6 3. d4 cxd4 4. Nxd4 e5 5. Nb5 d6 6. c4 Be7 7. N1c3 a6 8. Na3
f5 9. exf5 Bxf5 10. Bd3 Be6 11. O-O Nf6 12. Nc2 O-O 13. Ne3 Nd4 14. Ne4 Nxe4 15.
Bxe4 Qd7 16. Nd5 Rad8 17. Be3 Nc6 18. b4 Bf6 19. Rc1 Ne7 20. Qd3 h6 21. Bb6 Rc8
22. Rfd1 Bg5 23. Rc3 Nf5 24. g3 Kh8 25. f4 Bd8 26. Bf2 Qf7 27. Kh1 exf4 28. Nxf4
Rxc4 29. Nxe6 Rxc3 30. Nxd8 Qf6 31. Qd2 Nxg3+ 32. Bxg3 Rxd8 33. Qd5 Rf8 34. Qxb7
Re3 35. Bg2 Qf5 36. Qxa6 Rxg3 37. Rf1 Qxf1+ 38. Bxf1 Re3 39. Kg2 Re6 40. Bd3 Re5
41. h4 Re3 42. Qxd6 Ref3 43. Qg6 1-0

[Event "World Senior Teams +50"]
[Site "Radebeul GER"]
[Date "2016.07.04"]
[Round "9.10"]
[Board "4"]
[White "Teuschler, Hugo"]
[Black "Weisshaupt, Rainer"]
[Result "1/2-1/2"]
[WhiteElo "2033"]
[BlackElo "2114"]
[WhiteTeam "Graz"]
[BlackTeam "SF Monheim Revival"]
[WhiteFideId "1608517"]
[BlackFideId "4621689"]
[EventDate "2016.06.26"]

1. e4 e5 2. Nf3 Nc6 3. Nc3 Nf6 4. Bb5 Bc5 5. O-O d6 6. d4 exd4 7. Nxd4 Bd7 8.
Nf5 O-O 9. Bg5 Be6 10. Kh1 Ne5 11. Be2 Ned7 12. f4 Bxf5 13. exf5 Re8 14. Bf3 c6
15. Ne4 Qe7 16. Re1 Nxe4 17. Bxe4 Qf8 18. Qg4 f6 19. Bh4 Re7 20. Bd3 Rae8 21.
Re6 Qf7 22. Rae1 Nf8 23. R6e2 d5 24. h3 a5 25. Qf3 Nd7 26. g4 Rxe2 27. Rxe2 Rxe2
28. Qxe2 Qe7 29. Qe6+ Kf8 30. Kg2 h6 31. Be1 Bb4 32. Bf2 Bc5 33. Be1 a4 34. a3
Bd6 35. Kf3 Qxe6 36. fxe6 Nc5 37. Bb4 Ke7 38. Bxc5 Bxc5 39. Bf5 Bd6 40. h4 h5
41. g5 fxg5 1/2-1/2

[Event "World Senior Teams +50"]
[Site "Radebeul GER"]
[Date "2016.07.04"]
[Round "9.11"]
[Board "1"]
[White "Erneste, Inguna"]
[Black "Wuttke, Hans"]
[Result "1/2-1/2"]
[WhiteTitle "WGM"]
[WhiteElo "2149"]
[BlackElo "2140"]
[WhiteTeam "Latvia Women"]
[BlackTeam "Empor Potsdam"]
[WhiteFideId "11600241"]
[BlackFideId "4636120"]
[EventDate "2016.06.26"]

1. e4 d6 2. d4 Nf6 3. Nc3 e5 4. Nf3 Nbd7 5. dxe5 dxe5 6. Bc4 Be7 7. O-O O-O 8.
Qe2 c6 9. a4 a5 10. Rd1 Qc7 11. Bg5 Re8 12. Bh4 h6 13. Rd2 Nf8 14. Bg3 Ng6 15.
Rad1 Bb4 16. h3 Nh5 1/2-1/2

[Event "World Senior Teams +50"]
[Site "Radebeul GER"]
[Date "2016.07.04"]
[Round "9.11"]
[Board "2"]
[White "Jeske, Eckhard"]
[Black "Vilerte, Tamara"]
[Result "1-0"]
[BlackTitle "WGM"]
[WhiteElo "2171"]
[BlackElo "2030"]
[WhiteTeam "Empor Potsdam"]
[BlackTeam "Latvia Women"]
[WhiteFideId "4641485"]
[BlackFideId "11602589"]
[EventDate "2016.06.26"]

1. c4 e5 2. Nc3 Nf6 3. Nf3 d6 4. d4 exd4 5. Nxd4 g6 6. Bg5 Bg7 7. Qd2 h6 8. Bf4
Nbd7 9. e4 Nc5 10. f3 Ne6 11. Nxe6 Bxe6 12. Be2 Nh5 13. Be3 Qh4+ 14. g3 Qe7 15.
O-O Nf6 16. a4 a5 17. Rac1 Nd7 18. f4 Nc5 19. Qc2 f5 20. Bxc5 dxc5 21. e5 c6 22.
Rcd1 Qf7 23. b3 O-O 24. Rd2 Rfd8 25. Rfd1 Rxd2 26. Qxd2 Bf8 27. Bf3 Kg7 28. Ne2
Qc7 29. Nc1 Be7 30. Nd3 Rd8 31. Kf1 Rd4 32. Qc3 Qd8 33. Ke1 Qd7 34. Nc1 b6 35.
Rd2 Kf7 36. Ne2 Rxd2 37. Qxd2 Qc7 38. Nc3 Qc8 39. Qg2 Bd7 40. h3 h5 41. Qe2 Qc7
42. Nd1 Be6 43. Ne3 Qd7 44. Kf1 Qe8 45. Qg2 Bd7 46. Ke2 Bf8 47. g4 hxg4 48. hxg4
fxg4 49. Bxg4 Bg7 50. Bf3 Qe6 51. Bg4 Qe7 52. Kf3 b5 53. Qh3 Bxg4+ 54. Qxg4 bxa4
55. bxa4 Qc7 56. Qh3 Qe7 57. Qc8 Qh4 58. e6+ 1-0

[Event "World Senior Teams +50"]
[Site "Radebeul GER"]
[Date "2016.07.04"]
[Round "9.11"]
[Board "3"]
[White "Ungure, Liga"]
[Black "Schulz, Michael1"]
[Result "0-1"]
[WhiteTitle "WFM"]
[BlackTitle "FM"]
[WhiteElo "1950"]
[BlackElo "2127"]
[WhiteTeam "Latvia Women"]
[BlackTeam "Empor Potsdam"]
[WhiteFideId "11600330"]
[BlackFideId "4616731"]
[EventDate "2016.06.26"]

1. e4 c5 2. Nf3 Nc6 3. Bb5 g6 4. Bxc6 dxc6 5. d3 Bg7 6. Nc3 Nf6 7. Be3 b6 8. h3
O-O 9. O-O a5 10. a3 Re8 11. Rb1 h6 12. Nd2 a4 13. f4 e6 14. g4 Qc7 15. Qf3 Ra7
16. Ne2 Qe7 17. Qf2 Ba6 18. b4 axb3 19. Rxb3 Nd7 20. a4 b5 21. axb5 cxb5 22. c4
bxc4 23. Nxc4 Bxc4 24. dxc4 Ra2 25. Rd1 Nf6 26. e5 Ne4 27. Qf3 Rd8 28. Rbd3 Rxd3
29. Rxd3 Qh4 30. Bc1 Qe1+ 0-1

[Event "World Senior Teams +50"]
[Site "Radebeul GER"]
[Date "2016.07.04"]
[Round "9.12"]
[Board "1"]
[White "Burchardt, Brigitte"]
[Black "Becker, Norbert"]
[Result "0-1"]
[WhiteTitle "WIM"]
[WhiteElo "2177"]
[BlackElo "2092"]
[WhiteTeam "Germany 1 Women"]
[BlackTeam "Rochade Bielefeld Revival"]
[WhiteFideId "4612213"]
[BlackFideId "4675649"]
[EventDate "2016.06.26"]

1. e4 c5 2. Nf3 g6 3. Nc3 Bg7 4. d3 Nc6 5. Be3 d6 6. Qd2 b5 7. Be2 b4 8. Nd1 e5
9. O-O Nge7 10. Bh6 O-O 11. Bxg7 Kxg7 12. a3 d5 13. axb4 cxb4 14. c3 bxc3 15.
bxc3 dxe4 16. dxe4 a5 17. Ne3 Qxd2 18. Nxd2 Be6 19. Bc4 Bxc4 20. Ndxc4 Rfd8 21.
Rfc1 f5 22. f3 Kf7 23. Kf1 f4 24. Nd5 Ra7 25. Ncb6 Rb7 26. Nxe7 Kxe7 27. Nd5+
Kd6 28. Ra2 Rdb8 29. g3 Rb1 30. Rxb1 Rxb1+ 31. Kg2 g5 32. gxf4 gxf4 33. Nf6 Kc5
34. Rd2 a4 35. Ra2 Kb5 36. Kh3 Rb3 37. Nd5 a3 38. Kg4 Ka4 39. Kf5 Rb2 40. Ra1 a2
41. Nb4 Nxb4 42. cxb4 Rxh2 43. Kxe5 Kxb4 44. Kxf4 Kb3 45. e5 Re2 46. Kf5 h5 47.
f4 Kb2 48. Rh1 a1=Q 49. Rxa1 Kxa1 50. Kg5 Re4 51. Kf5 Re2 52. Kg5 Kb2 53. Kxh5
Kc3 54. f5 Kd4 55. e6 Ke5 56. Kg6 Kd6 57. Kf7 Re1 58. Ke8 Re5 59. Kd8 Ra5 0-1

[Event "World Senior Teams +50"]
[Site "Radebeul GER"]
[Date "2016.07.04"]
[Round "9.12"]
[Board "2"]
[White "Mueller, Gerhard1"]
[Black "Wagner-Michel, Annett"]
[Result "1-0"]
[BlackTitle "WIM"]
[WhiteElo "2110"]
[BlackElo "2139"]
[WhiteTeam "Rochade Bielefeld Revival"]
[BlackTeam "Germany 1 Women"]
[WhiteFideId "4692829"]
[BlackFideId "4612205"]
[EventDate "2016.06.26"]

1. d4 d5 2. Nc3 Nf6 3. Bg5 Nbd7 4. Nf3 c6 5. e3 h6 6. Bf4 Nh5 7. Be5 Nxe5 8.
Nxe5 Nf6 9. Bd3 e6 10. O-O Bd6 11. f4 Qc7 12. Ne2 O-O 13. Ng3 c5 14. c3 c4 15.
Bc2 b5 16. Nh5 Nxh5 17. Qxh5 Bxe5 18. fxe5 Qe7 19. h4 Bd7 20. g4 Be8 21. g5 f5
22. gxf6 Bxh5 23. fxe7 Rf7 24. Rxf7 Kxf7 25. a4 bxa4 26. Bxa4 Kxe7 27. Bc6 Rb8
28. Rxa7+ Kd8 29. Ra8 Rxa8 30. Bxa8 Bg6 31. Bc6 Bc2 32. Kf2 Ke7 33. Kg3 Kf7 34.
Kg4 g6 35. Kf4 Ke7 36. Bb5 Kf7 37. e4 g5+ 38. hxg5 hxg5+ 39. Ke3 Bb1 40. exd5
exd5 41. Kf3 Bf5 42. Bc6 Be6 43. Kg3 Kg6 44. Ba4 Bf5 45. Bd1 Bd7 46. Bc2+ Kf7
47. b3 cxb3 48. Bxb3 Be6 49. Bd1 Ke7 50. Bg4 Bf7 51. Bf5 Bh5 52. Bd3 Bd1 53. c4
dxc4 54. Bxc4 Bh5 55. d5 Kd7 56. Bd3 Kd8 57. Bf5 Ke8 58. Bg4 Bg6 59. Kf3 Kd8 60.
Ke3 Ke7 61. Kd4 Be8 62. Kc5 Ba4 63. d6+ Kd8 64. e6 Bb3 65. e7+ Ke8 66. Bh5+ Bf7
67. Bxf7+ Kxf7 68. Kd4 1-0

[Event "World Senior Teams +50"]
[Site "Radebeul GER"]
[Date "2016.07.04"]
[Round "9.12"]
[Board "3"]
[White "Mai, Iris"]
[Black "Beilfuss, Wilfried"]
[Result "0-1"]
[WhiteTitle "WIM"]
[WhiteElo "2094"]
[BlackElo "2193"]
[WhiteTeam "Germany 1 Women"]
[BlackTeam "Rochade Bielefeld Revival"]
[WhiteFideId "4627393"]
[BlackFideId "4607856"]
[EventDate "2016.06.26"]

1. d4 Nf6 2. Nf3 e6 3. c4 d5 4. Nc3 dxc4 5. e3 c5 6. Bxc4 a6 7. a4 Nc6 8. O-O
Be7 9. d5 exd5 10. Nxd5 Nxd5 11. Bxd5 Nb4 12. Be4 Qxd1 13. Rxd1 Bf6 14. Ne1 Rb8
15. Nd3 Nxd3 16. Rxd3 Be6 17. Bd5 Bxd5 18. Rxd5 Rd8 19. Rxd8+ Kxd8 20. Kf1 Kc7
21. Ke2 Kc6 22. Kd3 Rd8+ 23. Kc2 Rd7 24. f3 c4 25. e4 Rd3 26. Bf4 Bd4 27. Re1
Kc5 28. e5 Kd5 29. Re2 Rb3 30. Kc1 c3 31. bxc3 Rxc3+ 32. Kd1 Ra3 33. Bc1 Rxa4
34. f4 Rc4 35. Ra2 Bc3 36. Ke2 a5 37. g3 a4 38. Ba3 b5 39. Bc1 Bxe5 40. Be3 Bd4
41. Bd2 Ke4 42. h3 Bc5 43. Kd1 a3 44. Be1 b4 45. Re2+ Kd5 46. Re5+ Kc6 0-1

[Event "World Senior Teams +50"]
[Site "Radebeul GER"]
[Date "2016.07.04"]
[Round "9.12"]
[Board "4"]
[White "Thoele, Wolfgang"]
[Black "Wolf, Sylvia"]
[Result "1-0"]
[BlackTitle "WFM"]
[WhiteElo "1990"]
[BlackElo "2034"]
[WhiteTeam "Rochade Bielefeld Revival"]
[BlackTeam "Germany 1 Women"]
[WhiteFideId "1271030"]
[BlackFideId "4612701"]
[EventDate "2016.06.26"]

1. e4 c5 2. Nf3 d6 3. d4 cxd4 4. Nxd4 Nf6 5. Nc3 a6 6. Bd3 e5 7. Nde2 Be6 8. O-O
Be7 9. Ng3 O-O 10. f4 exf4 11. Rxf4 Nc6 12. Nf5 Ne5 13. Be3 Nfd7 14. Nxe7+ Qxe7
15. Bd4 Qg5 16. Rf2 Ng4 17. Re2 Nde5 18. Bxe5 Nxe5 19. Qc1 Qh5 20. Qf4 Rac8 21.
Re3 Rc5 22. Be2 Ng4 23. Bxg4 Qxg4 24. Qxd6 Rh5 25. Qg3 Qxg3 26. Rxg3 f5 27. exf5
Rhxf5 28. Re3 Bc4 29. Ree1 Rf2 30. Rac1 R2f4 31. b3 Bf7 32. Rf1 Rg4 33. Rcd1 Be6
34. Rxf8+ Kxf8 35. Re1 Kf7 36. g3 Rd4 37. Re2 Bg4 38. Rf2+ Ke6 39. a4 h5 40. Kg2
Kd6 41. Nb1 b5 42. axb5 axb5 43. c3 Rd1 44. Rd2+ Ke5 45. Rxd1 Bxd1 46. Nd2 Kf5
47. h3 g5 48. b4 g4 49. h4 Ke5 50. Kf2 Bc2 51. Ke3 Bg6 52. c4 Be8 53. cxb5 Bxb5
54. Nb3 Bc4 55. Nd4 Bd5 56. Ne2 Bc6 57. Nd4 Bb7 58. b5 Bd5 59. b6 Kd6 60. Kf4
Bf7 61. Kg5 Kd7 62. Nf5 Be6 63. Ng7 1-0

[Event "World Senior Teams +50"]
[Site "Radebeul GER"]
[Date "2016.07.04"]
[Round "9.13"]
[Board "1"]
[White "Buchal, Stephan"]
[Black "Mittermayr, Gerhard"]
[Result "1/2-1/2"]
[WhiteTitle "FM"]
[WhiteElo "2338"]
[BlackElo "2101"]
[WhiteTeam "Werder/BSG Bremen"]
[BlackTeam "Oberoesterreich"]
[WhiteFideId "4603915"]
[BlackFideId "1602233"]
[EventDate "2016.06.26"]

1. c4 g6 2. g3 Bg7 3. Bg2 e5 4. Nc3 d6 5. d3 f5 6. e4 Nf6 7. Nge2 O-O 8. O-O c6
9. Bg5 h6 10. Bxf6 Qxf6 11. f4 Nd7 12. exf5 gxf5 13. Qd2 Nc5 14. Rae1 Ne6 15.
Kh1 h5 16. Qd1 h4 17. gxh4 Qxh4 18. Rf3 exf4 19. d4 Ng5 20. Rxf4 Qh6 21. Ref1
Bd7 22. Qd3 Rae8 23. Qg3 Nf7 24. Rg1 Qg5 25. Qf2 Qe7 26. Rf3 Nh6 27. h3 Bf6 28.
Nf4 1/2-1/2

[Event "World Senior Teams +50"]
[Site "Radebeul GER"]
[Date "2016.07.04"]
[Round "9.13"]
[Board "2"]
[White "Schulz, Peter"]
[Black "Rust-Lux, Klaus"]
[Result "1/2-1/2"]
[WhiteElo "2068"]
[BlackElo "2074"]
[WhiteTeam "Oberoesterreich"]
[BlackTeam "Werder/BSG Bremen"]
[WhiteFideId "1614819"]
[BlackFideId "24682047"]
[EventDate "2016.06.26"]

1. e4 c5 2. Nf3 e6 3. d4 cxd4 4. Nxd4 Nf6 5. Nc3 d6 6. Bc4 a6 7. Bb3 Qc7 8. Be3
Nc6 9. f3 Na5 10. Qd2 Bd7 11. O-O-O Nxb3+ 12. axb3 Be7 13. g4 O-O 14. g5 Nh5 15.
f4 g6 16. f5 Rfc8 17. Rhf1 b5 18. Qf2 Rf8 19. Rd2 b4 20. Na4 Bb5 21. Rfd1 e5 22.
Ne2 Bxa4 23. bxa4 Qc4 24. b3 Qxe4 25. f6 Bd8 26. Rxd6 Bc7 27. Rd7 Rac8 28. R1d3
Qc6 29. Rd2 Rfd8 30. Rxd8+ Rxd8 31. Rxd8+ Bxd8 32. Ng3 Nxg3 33. Qxg3 Qc3 34. Kb1
h5 35. Qf3 Qc7 36. Qd5 a5 37. Bc5 e4 38. Be7 Bxe7 39. fxe7 Qxe7 40. Qxa5 e3 41.
Qa8+ Kh7 42. Qh1 Qxg5 43. Qc1 Qe5 44. a5 Qd4 45. Qf1 f5 46. a6 h4 47. Qf3 Kh6
48. h3 Kg5 49. Qb7 Kh6 50. Qe7 Qd1+ 51. Kb2 Qd4+ 52. Kb1 1/2-1/2